000 00383nam a2200145Ia 4500
008 220204s9999 xx 000 0 und d
020 _a9780123742063
082 _a631/635
_bADV.96
100 _aSparks, Donald L
245 0 _aAdvances in agronomy, 2007. V.96
260 _aLondon
_bAcademic Press
_c2007
650 _aMicrobial ecology
650 _aPhytoremediation
942 _cBK
999 _c42708
_d42708